000 00237nam a2200121Ia 4500
100 _a#N/A
650 _aComputer/ IT
942 _cBK
654 _aelectronic design
245 _aElectronic Design
260 _b#N/A
546 _aENGLISH
999 _c34513
_d34513